Buzzworthy Choices: A Comparative Insight into Honey Purchasing Factors in Slovakia and Hungary

Skúmanie faktorov, ktoré rozhodujú o kúpe a spotrebe medu na Slovensku a v Maďarsku a poukázanie na rozdielne hodnotenie skúmaných determinantov medzi slovenskými a maďarskými spotrebiteľmi.

Saved in:
Bibliographic Details
Main Author: Šedík, Peter
Other Authors: Čvirik, Marián, 1992-, Predanócyová, Kristína, Oravecz, Titanilla
Format: Book Chapter
Language:English
Subjects:
Tags: Add Tag
No Tags, Be the first to tag this record!

MARC

LEADER 00000naa$a2200000$$$4500
001 0304296
005 20240924135539.4
041 0 |a eng 
044 |a DK 
245 1 0 |a Buzzworthy Choices: A Comparative Insight into Honey Purchasing Factors in Slovakia and Hungary  |c Peter Šedík, Marián Čvirik, Kristína Predanócyová, Titanilla Oravecz 
520 |a Skúmanie faktorov, ktoré rozhodujú o kúpe a spotrebe medu na Slovensku a v Maďarsku a poukázanie na rozdielne hodnotenie skúmaných determinantov medzi slovenskými a maďarskými spotrebiteľmi. 
610 2 0 |a včelárstvo 
610 2 0 |a spotrebitelia 
610 2 0 |a nákup 
610 2 0 |a porovnanie medzinárodné 
610 2 0 |a Slovensko 
610 2 0 |a Maďarsko 
100 1 |a Šedík, Peter 
700 1 |a Čvirik, Marián, 1992- 
700 1 |a Predanócyová, Kristína 
700 1 |a Oravecz, Titanilla